Fundamentals of neural networks (Record no. 1602)

MARC details
000 -LEADER
fixed length control field 00445 a2200169 4500
001 - CONTROL NUMBER
control field 067731
003 - CONTROL NUMBER IDENTIFIER
control field OSt
005 - DATE AND TIME OF LATEST TRANSACTION
control field 20211231153812.0
008 - FIXED-LENGTH DATA ELEMENTS--GENERAL INFORMATION
fixed length control field
082 ## - DEWEY DECIMAL CLASSIFICATION NUMBER
Classification number 006.3
Item number F27F
100 1# - MAIN ENTRY--PERSONAL NAME
Personal name Fausett, Laurence V.
245 1# - TITLE STATEMENT
Title Fundamentals of neural networks
Statement of responsibility, etc by Laurence V. Fausett
260 ## - PUBLICATION, DISTRIBUTION, ETC. (IMPRINT)
Place of publication, distribution, etc New Delhi
Name of publisher, distributor, etc Pearson
Date of publication, distribution, etc 2008
300 ## - PHYSICAL DESCRIPTION
Extent 467p.
653 ## - INDEX TERM--UNCONTROLLED
Uncontrolled term Neural networks (Computer science)
942 ## - ADDED ENTRY ELEMENTS (KOHA)
Source of classification or shelving scheme Dewey Decimal Classification
Koha item type Books
Holdings
Withdrawn status Lost status Source of classification or shelving scheme Damaged status Not for loan Collection code Home library Current library Date acquired Source of acquisition Cost, normal purchase price Full call number Barcode Date last seen Price effective from Koha item type
    Dewey Decimal Classification     General Text Book Central University Of Rajasthan Central University Of Rajasthan 07/03/2012 CSC 360.00 006.3 F27F 2017 21/11/2024 02/09/2020 Books